Statistics for Actors by Letter - E

Click here to take the quiz!

General Stats

  • This quiz has been taken 163 times
    (89 since last reset)
  • The average score is 11 of 20

Answer Stats

Years ActiveNationalityMovies or TV ShowsActor% Correct
2001 -Harry Potter | Beauty and the BeastEmma Watson
90%
2007 -La La Land | Easy AEmma Stone
89%
1982 -Coming to America | Beverly Hills CopsEddie Murphy
80%
1942 - 2007Who's Afraid of Virginia Woolf? | CleopatraElizabeth Taylor
73%
1993 -Moulin Rouge! | TrainspottingEwan McGregor
73%
1996 -American History X | Fight ClubEdward Norton
69%
2004 -A Quiet Place | SicarioEmily Blunt
63%
1956 - 1977Blue Hawaii | Love Me TenderElvis Presley
59%
1999 -Juno | InceptionElliot Page
58%
1985 -Training Day | Before SunsetEthan Hawke
57%
1998 -The Danish Girl | Fantastic Beasts and Where to Find ThemEddie Redmayne
55%
1989 -Lord of the Rings | Green StreetElijah Wood
55%
1982 -Sense and Sensibility | Howards EndEmma Thompson
45%
2000 -Desperate Housewives | OverboardEva Longoria
45%
1978 -The Truman Show | WestworldEd Harris
35%
1992 - 2014The Place Beyond the Pines | HitchEva Mendes
34%
1993 -Troy | MunichEric Bana
25%
1964 -Requiem for a Dream | The ExorcistEllen Burstyn
23%
1951 - 2012Marty | McHale's NavyErnest Borgnine
23%
1954 -North by Northwest | On the WaterfrontEva Marie Saint
17%

Score Distribution

Percentile by Number Answered

Percent of People with Each Score

Your Score History

You have not taken this quiz since the last reset